| 000 | 00922nam a2200205Ia 4500 | ||
|---|---|---|---|
| 999 |
_c55938 _d55938 |
||
| 001 | 23037 | ||
| 003 | GE_BSU | ||
| 005 | 20230627164347.0 | ||
| 008 | 181216s1973||||ge |||||||||||||| ||geo|| | ||
| 040 | _cGE_BSU | ||
| 080 | _a821.111-32 გ-65 | ||
| 100 |
_aგოლზუორთი, ჯონ _916024 |
||
| 245 |
_aპირველი და უკანასკნელი : _b[მოთხრობები. თარგმ. ინგლ.] / _cჯონ გოლზუორთი ; რედ. და წინასიტყვ. ავტ. : ალ. გამყრელიძე. |
||
| 264 |
_aთბილისი : _bმერანი, _c1973. |
||
| 300 |
_a500 გვ. ; _c23 სმ. |
||
| 541 | _h3 ლ. 02 თ. | ||
| 653 | _aპირველი და უკანასკნელი | ||
| 700 |
_aგამყრელიძე, ალ. _eრედაქტორი _919012 |
||
| 942 |
_cBK _2udc |
||